[Event "ACT-ch"]
[Site "Canberra"]
[Date "2014.03.30"]
[Round "9"]
[White "McDonald, David"]
[Black "Danaswara, Indis"]
[Result "1-0"]
[WhiteElo "1328"]
[BlackElo "826"]
[PlyCount "51"]
[EventDate "2014.03.21"]
[EventType "swiss"]
[EventRounds "9"]
[EventCountry "AUS"]
[SourceTitle "CBM 159 Extra"]
[Source "ChessBase"]
[SourceDate "2014.04.24"]
[SourceVersion "1"]
[SourceVersionDate "2014.04.24"]
[SourceQuality "1"]

1. Nf3 d5 2. c4 c5 3. cxd5 Qxd5 4. Nc3 Qc6 5. g3 e5 6. d3 Bd6 7. Bg2 Be6 8. 0-0 Qd7 9. Re1 Bh3 10. Bh1 Nc6 11. Ne4 0-0-0 12. Be3 Nge7 13. Bxc5 Bxc5 14. Nxc5 Qd6 15. Rc1 b6 16. Ne4 Qg6 17. Nxe5 Qf5 18. Nxc6 Nxc6 19. Rxc6+ Kd7 20. Qa4 Ke7 21. Qa3+ Kd7 22. Rec1 Rc8 23. Qd6+ Ke8 24. Rxc8+ Qxc8 25. Rxc8+ Bxc8 26. Qc7 1-0

[Event "ACT-ch"]
[Site "Tuggeranong"]
[Date "2013.02.24"]
[Round "8"]
[White "Danaswara, Indis"]
[Black "McDonald, David"]
[Result "0-1"]
[WhiteElo "692"]
[BlackElo "1307"]
[PlyCount "82"]
[EventDate "2013.02.15"]
[EventType "swiss"]
[EventRounds "9"]
[EventCountry "AUS"]
[SourceTitle "EXT 2015"]
[Source "ChessBase"]
[SourceDate "2014.11.20"]
[SourceVersion "1"]
[SourceVersionDate "2014.11.20"]
[SourceQuality "1"]

1. e4 c6 2. Nc3 d5 3. d3 d4 4. Nce2 e5 5. Nf3 f6 6. c3 c5 7. a3 Nc6 8. b4 dxc3 9. bxc5 Bxc5 10. Nxc3 Bd4 11. Bb2 Bxf2+ 12. Kxf2 Qb6+ 13. Ke1 Qxb2 14. Nd5 Kd7 15. Nd2 Qd4 16. Rc1 b5 17. Qc2 Bb7 18. Nb3 Rc8 19. Nxd4 Nxd4 20. Qd1 Ne7 21. Nxe7 Kxe7 22. g3 Rxc1 23. Qxc1 Rc8 24. Qb2 Rc2 25. Qb4+ Kf7 26. Qa5 Rc1+ 27. Kf2 Rc2+ 28. Ke3 a6 29. Qd8 Bc8 30. Rg1 Bh3 31. Qd5+ Kg6 32. Qxd4 exd4+ 33. Kxd4 Rc1 34. Kd5 Rxf1 35. Rxf1 Bxf1 36. d4 Kf7 37. Kc5 Bh3 38. Kb6 Bc8 39. Kc7 Ke7 40. Kxc8 Kd6 41. Kb7 a5 0-1

[Event "ACT-ch"]
[Site "Tuggeranong"]
[Date "2013.02.24"]
[Round "9"]
[White "Winkelman, Albert"]
[Black "Danaswara, Indis"]
[Result "0-1"]
[WhiteElo "618"]
[BlackElo "692"]
[PlyCount "48"]
[EventDate "2013.02.15"]
[EventType "swiss"]
[EventRounds "9"]
[EventCountry "AUS"]
[SourceTitle "EXT 2015"]
[Source "ChessBase"]
[SourceDate "2014.11.20"]
[SourceVersion "1"]
[SourceVersionDate "2014.11.20"]
[SourceQuality "1"]

1. e4 e5 2. Nf3 Nc6 3. Bc4 Nf6 4. Nc3 Bb4 5. d3 h6 6. Bd2 d6 7. Nd5 Nxd5 8. Bxd5 Bc5 9. 0-0 Bg4 10. a4 0-0 11. Bxc6 bxc6 12. b4 d5 13. bxc5 dxe4 14. dxe4 Bxf3 15. Qxf3 Qxd2 16. Qd3 Qa5 17. Qd7 Qxc5 18. Rfc1 Rfd8 19. Qxc7 Rd2 20. Rf1 Rxc2 21. Qd7 Rb8 22. Qd3 Rbb2 23. h3 Rxf2 24. Rxf2 Qxf2+ 0-1